01404 a2200157 45000010006000000050017000060080041000230030015000640400040000790800035001192450052001542640043002063000019002495050954002681000024012225947920260407155849.0260407a1966 arg spa dAR-UNSa-BCEJYS aAR-UNSa-BCEJYSbspacAR-UNSa-BCEJYS a330.34xDesarrollo Económico10aEl desarrollo económico y la poítica fiscal 1aBuenos Aires :bEdiciones Macchic1966 a226 p.c23 cm. aPrimera Parte: Las ideas y doctrinas que vinculan a la política fiscal con el desarrollo económico: 1. De las finanzas públicas a la política fiscal como integrante de la política económica - Segunda Parte: Examen crítico de la evolución de las finanzas públicas nacionales: 2. Historia y evolución de las finanzas públicas nacionales hasta 1930 - 3. La reestructuración financiera posterior a 1930 - 4. El ordenamiento financiero inaugurado en 1946 - 5. Los orígenes de la situación actual - Tercera Parte: La incompatibilidad de la política fiscal argentina con el desarrollo global de la economía y proposiciones para superarla: 6. Las características mas notorias en la evolución de las finanzas públicas nacionales - 7. Observaciones acerca de las características y los efectos económicos de la política fiscal - 8. Proposiciones para compatibilizar la política fiscal con el desarrollo económico1 aForino, Sabatino A.